[Event "Oberliga Baden 1213"]
[Site "Baden"]
[Date "2013.01.13"]
[Round "5.6"]
[White "Zichanowicz, Mark"]
[Black "Miltner, Arndt"]
[Result "1-0"]
[WhiteElo "2176"]
[BlackElo "2311"]
[PlyCount "115"]
[EventDate "2012.10.14"]
[EventType "team-tourn"]
[EventRounds "9"]
[EventCountry "GER"]
[SourceTitle "EXT 2014"]
[Source "ChessBase"]
[SourceDate "2013.11.20"]
[SourceVersion "1"]
[SourceVersionDate "2013.11.20"]
[SourceQuality "1"]
[WhiteTeam "Waldshut"]
[BlackTeam "Buchen"]
[WhiteTeamCountry "GER"]
[BlackTeamCountry "GER"]

1. e4 d6 2. d4 Nf6 3. Nc3 e5 4. Nf3 Nbd7 5. Bc4 Be7 6. 0-0 0-0 7. Re1 a6 8. a4 b6 9. Nd5 Bb7 10. Nxe7+ Qxe7 11. d5 Kh8 12. Nh4 g6 13. Bg5 Qe8 14. Bh6 Rg8 15. Ra3 Bc8 16. b4 Nh5 17. Qd2 Qe7 18. Bg5 f6 19. Be3 f5 20. Bg5 Ndf6 21. f4 fxe4 22. fxe5 Qxe5 23. Nf3 Qe7 24. Nd4 Bd7 25. Ne6 Bxe6 26. dxe6 d5 27. Be2 Qxe6 28. Qc3 Rgf8 29. Rf1 Kg8 30. Qxc7 Rac8 31. Qb7 Rxc2 32. Qxa6 Qe5 33. Bh6 Ng7 34. Bd1 Rxg2+ 35. Kxg2 Qb2+ 36. Rf2 Qxa3 37. Qxb6 Qa1 38. Bb3 Qe5 39. h3 Rf7 40. Qc5 g5 41. Qc8+ Nge8 42. Qf5 Qxf5 43. Rxf5 Rd7 44. a5 Kf7 45. Ba4 Rd6 46. Bxe8+ Kxe8 47. Bxg5 Nd7 48. Bf4 Rg6+ 49. Kf2 d4 50. b5 e3+ 51. Kf1 Re6 52. Rd5 Re4 53. Bg3 d3 54. Rxd3 Nc5 55. Ra3 e2+ 56. Ke1 Ne6 57. a6 Nd4 58. a7 1-0

[Event "Oberliga Baden 1213"]
[Site "Baden"]
[Date "2012.10.14"]
[Round "1.7"]
[White "Friedel, Marcus"]
[Black "Miltner, Arndt"]
[Result "1/2-1/2"]
[WhiteElo "2132"]
[BlackElo "2311"]
[PlyCount "72"]
[EventDate "2012.10.14"]
[EventType "team-tourn"]
[EventRounds "9"]
[EventCountry "GER"]
[SourceTitle "EXT 2014"]
[Source "ChessBase"]
[SourceDate "2013.11.20"]
[SourceVersion "1"]
[SourceVersionDate "2013.11.20"]
[SourceQuality "1"]
[WhiteTeam "Ettlingen"]
[BlackTeam "Buchen"]
[WhiteTeamCountry "GER"]
[BlackTeamCountry "GER"]

1. e4 d6 2. d4 Nf6 3. Nc3 e5 4. Nf3 Nbd7 5. Bc4 Be7 6. 0-0 0-0 7. Qe2 c6 8. a4 a5 9. Rd1 Qc7 10. Ba2 Nb6 11. h3 h6 12. Be3 Nfd7 13. Qd2 Kh7 14. Ne2 exd4 15. Nfxd4 Nc5 16. Ng3 Nbxa4 17. c3 Be6 18. Bxe6 fxe6 19. Rxa4 Nxa4 20. Nxe6 Qc8 21. Nxf8+ Qxf8 22. e5 Kh8 23. b3 Nc5 24. exd6 Bxd6 25. Qxd6 Qxd6 26. Rxd6 Nxb3 27. c4 a4 28. Rd3 b5 29. cxb5 cxb5 30. Ne2 b4 31. Kf1 a3 32. Nc1 Nxc1 33. Bxc1 a2 34. Bb2 a1Q+ 35. Bxa1 Rxa1+ 36. Ke2 Ra3 1/2-1/2